=LDR 00000nam 2200000 4500 =001 NUTBA000000000003405 =005 20140818150939.0 =006 =007 =008 =020 ##$$a 602-8506-85-0 =035 ##$$a 0010-081400000000250 =040 ##$$a NBPDMAT =082 ##$$a 372.7 =090 ##$$a 372.7 $b Sri m =100 ##$$a Sri Eni Purnama Dewi =245 ##$$a Mengenal sistem persamaan linear / $c Sri Eni Purnama Dewi =260 ##$$a Jakarta : $b Multazam Mulia Utama, $c 2011 =300 ##$$a iv, 56 hlm. : $b ilus. ; $c 25 cm. =650 ##$$a Matematika-Persamaan Linear =990 ##$$a 21405467 =990 ##$$a 0001/BPAP-NTB/20142014